000 01450nam a2200301 i 4500
001 20031
003 ES-MaACL
005 20251001145914.0
007 t|
008 021113m19731975sp ||||1| spa d
080 _a946.0
245 0 0 _aHistoria de España Alfaguara /
_cdirigida por Miguel Artola.
260 _aMadrid :
_bAlianza Editorial,
_c1973-75.
300 _a7 v. ;
_c20 cm.
504 _aBibliografía.
505 8 _aContiene: 1. Condicionamientos geográficos, edad antigua / Angel Cabo, Marcelo Vigil -- 2. La época medieval / José Angel García de Cortázar -- 3. El antiguo régimen : los Reyes Católicos y los Austrias /Antonio Dominguez Ortiz -- 4. El antiguo régimem : los Borbones / Gonzalo Anés -- 5. La burguesía revolucionaria (1808-1874) / Miguel Artola -- 6. La burguesía conservadora (1874-1931) / Miguel Martínez Cuadrado -- 7. La República, la era de Franco / Ramón Tamamnes
651 4 _aEspaña-
_xHistoria.
_98209
700 1 _aArtola, Miguel,
_d1923-2020
_923497
700 1 _aCabo, Angel.
_933225
700 1 _aVigil, Marcelo.
_9114630
700 1 _aGarcía de Cortázar y Ruiz de Aguirre, José Ángel.
_954415
700 1 _aDomínguez Ortiz, Antonio,
_d1909-2003
_945233
700 1 _aAnes, Gonzalo,
_d1931-2014
_921689
700 1 _aMartínez Cuadrado, Miguel.
_977963
700 1 _aTamames, Ramón,
_d1933-
_9237391
852 _aES-MaACL
_jE-9561-7
_bR.89603
999 _c20031
_d20031